pollution control in chemical and allied industries (Record no. 3594)

MARC details
000 -LEADER
fixed length control field 00435nam a22001457a 4500
008 - FIXED-LENGTH DATA ELEMENTS--GENERAL INFORMATION
fixed length control field 250522b |||||||| |||| 00| 0 eng d
020 ## - INTERNATIONAL STANDARD BOOK NUMBER
ISBN 9788123918303
100 ## - MAIN ENTRY--AUTHOR
Author Hanley,n.
245 ## - TITLE STATEMENT
Title pollution control in chemical and allied industries
250 ## - EDITION STATEMENT
Edition statement 1st
260 ## - PUBLICATION, DISTRIBUTION, ETC. (IMPRINT)
Place of publication New Delhi
Name of publisher CBS publishers & distributoors pvt itd
Date of publication 2010
650 ## - TRACINGS
Main Subject petroleum industry & trade-environmental aspects
942 ## - ADDED ENTRY ELEMENTS (KOHA)
Item type Books
050 ## - LIBRARY OF CONGRESS CALL NUMBER
Classification number TD195
Item number .H36
Holdings
Source of classification or shelving scheme Not for loan Permanent location Current location Date acquired Accession No. Full call number Barcode. Koha item type
Library of Congress Classification   Engineering Library Engineering Library 05/22/2025 2014-0081 TD195.H36 2025-2067 Books